| 000 | 00618nam a2200157 a 4500 | ||
|---|---|---|---|
| 008 | 120416s1996 xx |||||||||||||| || u | ||
| 050 | _aCBU-PG THESIS/NKO | ||
| 100 | _aNkowani, Kenneth | ||
| 245 | 1 | 0 | _aModelling land/resource-use options open to smallholder farmers in the Northern region of Zambia |
| 246 | _aa multiple objective programming approach | ||
| 260 |
_a _bUniversity of Edinburgh _c1996 |
||
| 350 | _a0.00 | ||
| 650 | _aLAND | ||
| 650 | _aLAND USE--ZAMBIA | ||
| 995 |
_D0.00 _FCBU-MAIN LIBRARY (Kitwe) _H1 _I0.00 _M1 _UAVAILABLE _ZUniversity Collection |
||
| 999 |
_c51384 _d51384 |
||